00849cam a2200241 a 450000100100000000500170001000800410002704000230006808200180009110000400010924500510014926000480020030000210024849000110026950000280028065000260030865000300033461000560036483000170042091000340043795201210047199900150059200000273520200929150240.0741115s1970 cu 000 f spa  aDO-SdBNPcNICdDLC aU863.6bG474g1 aGilio, María Esther,d1928-9861613aLa guerrilla tupamara /cMaría Esther Gilio. aLa Habana :bCasa de las Américas,c1970. a247 p. ;c18 cm.1 aPremio aPremio Testimonio, 1970 4aNovela uruguaya95679 4aLiteratura uruguaya9305420aMOVIMIENTO DE LIBERACIÓN NACIONAL (URUGUAY)98617 0aPremio98618 aCatalogación por copia / LC 001052708MOaGRbGRcCTd2009-07-03iLF1l0oU863.6 G474gp2735-10r2020-06-25w2020-06-25y2ZPréstamo interno c2569d2569